Wie lernt der Konsument? Lernen aus Werbung und/oder Produkt-Verwendung. 5.
Skúsenosti spotrebiteľa z používania výrobku a ich dôsledky pre reklamu a marketing. Korigovanie výpovedí reklamy o výrobku. Vyzdvihovanie určitej značky v reklame musí korešpondovať so skúsenosťami spotrebiteľa. Garantovanie ľahkej zapamätateľnosti značky.
Salvato in:
| Autore principale: | |
|---|---|
| Natura: | Capitolo di libro |
| Lingua: | tedesco |
| Soggetti: | |
| Tags: |
Nessun Tag, puoi essere il primo ad aggiungerne!!
|
MARC
| LEADER | 00000naa a2200000 4500 | ||
|---|---|---|---|
| 001 | r011253 | ||
| 005 | 20221208122925.4 | ||
| 041 | 0 | |a ger | |
| 044 | |a DE | ||
| 245 | 1 | 0 | |a Wie lernt der Konsument? Lernen aus Werbung und/oder Produkt-Verwendung. 5. |c K. Nemetz |
| 520 | |a Skúsenosti spotrebiteľa z používania výrobku a ich dôsledky pre reklamu a marketing. Korigovanie výpovedí reklamy o výrobku. Vyzdvihovanie určitej značky v reklame musí korešpondovať so skúsenosťami spotrebiteľa. Garantovanie ľahkej zapamätateľnosti značky. | ||
| 610 | 2 | 0 | |a spotrebitelia |
| 610 | 2 | 0 | |a výrobky |
| 610 | 2 | 0 | |a marketing |
| 610 | 2 | 0 | |a reklama |
| 610 | 2 | 0 | |a známky ochranné |
| 100 | 1 | |a Nemetz, K. | |